• 首页
  • 本馆介绍
  • 公告通知
  • 最新文献
  • 馆藏检索
  • 电子资源
  • 读者导购
  • 参考咨询
  • 我的图书馆
  • 登录
  • 详细信息显示
  • 放入我的书架
  • 预约/预借图书
  • 作者相关作品
  • 分类相关作品
  • 丛书相关作品
  • 出版社相关作品

书目信息

  • 表格格式
  • 工作单格式
  • 卡片格式
题名:
印度古代文化史
    
 
作者: 薛克翘 著
分册:  
出版信息: 北京   中国大百科全书出版社  2016
页数: 19,263页
开本: 24cm
丛书名: 南亚研究丛书
单 册:
中图分类: K351.03
科图分类:
主题词: 文化史--wen hua shi--研究--印度--古代
电子资源:
ISBN: 978-7-5000-9895-9
000 01126nam0 22002651 450
001 1755142051
005 20170602161320.0
010    @a978-7-5000-9895-9@dCNY48.00
100    @a20160817d2016 em y0chiy50 ea
101 0  @achi
102    @aCN@b110000
105    @ay z 000yy
106    @ar
200 1  @a印度古代文化史@Ayin du gu dai wen hua shi@dA history of ancient Indian culture@f薛克翘著@zeng
210    @a北京@c中国大百科全书出版社@d2016
215    @a19,263页@d24cm
225 2  @a南亚研究丛书@Anan ya yan jiu cong shu@i薛克翘文集@v11@f薛克翘主编
330    @a本书按时间顺序分八章介绍了印度古代文化史,让读者能够对史前文明开始的印度古代文化有一个比较清晰的认识。书中有作者运用新资料提出的新的学术观点,囊括了作者近年来的研究成果;同时对专业知识的介绍,既能对相关专业的研究者有所裨益,又能让普通读者了解印度古代文化的基本知识。
461  0 @12001 @a南亚研究丛书
510 1  @aHistory of ancient Indian culture@zeng
606 0  @a文化史@Awen hua shi@x研究@y印度@z古代
690    @aK351.03@v5
701  0 @a薛克翘@Axue ke qiao@f(1945~)@4著
801  0 @aCN@bTANGWEI@c20170602
905    @b0972207-9@dK351.03@e19@f3
    
    印度古代文化史=A history of ancient Indian culture/薛克翘著.-北京:中国大百科全书出版社,2016
    19,263页;24cm.-(南亚研究丛书.薛克翘文集;11/薛克翘主编)
    
    
    ISBN 978-7-5000-9895-9:CNY48.00
    本书按时间顺序分八章介绍了印度古代文化史,让读者能够对史前文明开始的印度古代文化有一个比较清晰的认识。书中有作者运用新资料提出的新的学术观点,囊括了作者近年来的研究成果;同时对专业知识的介绍,既能对相关专业的研究者有所裨益,又能让普通读者了解印度古代文化的基本知识。
●
相关链接 在E读中查询图书 在五车中查询图书 在当当中查询图书 在豆瓣中查询图书


正题名:印度古代文化史     索取号:K351.03/19         预约/预借

序号 登录号 条形码 馆藏地/架位号 状态 备注
1 0972207   209722077   第二样本阅览室/ [索取号:K351.03/19] 在馆    
2 0972208   209722086   第二借阅区/ [索取号:K351.03/19] 在馆    
3 0972209   209722095   第二借阅区/ [索取号:K351.03/19] 在馆    
唐山师范学院图书馆 欢迎您!
大连网信软件有限公司© 版权所有